|
|
|
|
| LEADER |
00000cam a2200000 c 4500 |
| 001 |
1605645303 |
| 003 |
DE-627 |
| 005 |
20260107110403.0 |
| 007 |
tu |
| 008 |
030630s2002 xx ||||| 00| ||eng c |
| 020 |
|
|
|a 9616230352
|9 961-6230-35-2
|
| 024 |
3 |
|
|a 9789616230353
|
| 035 |
|
|
|a (DE-627)1605645303
|
| 035 |
|
|
|a (DE-576)105724645
|
| 035 |
|
|
|a (DE-599)BSZ105724645
|
| 035 |
|
|
|a (OCoLC)314157222
|
| 040 |
|
|
|a DE-627
|b ger
|c DE-627
|e rda
|
| 041 |
|
|
|a eng
|
| 111 |
2 |
|
|a International Conference Policing in Central and Eastern Europe
|n 4
|d 2002
|c Ljubljana
|j VerfasserIn
|0 (DE-588)5551839-4
|0 (DE-627)711880670
|0 (DE-576)199528381
|4 aut
|
| 240 |
1 |
0 |
|a Policing in Central and Eastern Europe
|g 4
|
| 245 |
1 |
0 |
|a Policing in Central and Eastern Europe
|b deviance, violence, and victimization
|c edited by: Milan Pagon ; The Scarman Centre, University of Leicester, United Kingdom ; College of Police and Security Studies, Ljubljana, Slovenia
|
| 264 |
|
1 |
|a Ljubljana
|b College of Police and Security Studies
|c 2002
|
| 300 |
|
|
|a xvi, 753 Seiten
|b Illustrationen
|
| 336 |
|
|
|a Text
|b txt
|2 rdacontent
|
| 337 |
|
|
|a ohne Hilfsmittel zu benutzen
|b n
|2 rdamedia
|
| 338 |
|
|
|a Band
|b nc
|2 rdacarrier
|
| 500 |
|
|
|a "This publication contains the contributions presented at the Forth Biennial International Conference "Policing in Central and Eastern Europe: Deviance, Violence, and Victimization," organized in Ljubljana, Slovenia, September 12-14, 2002" (Preface and Acknowledgments)
|
| 583 |
1 |
|
|a Archivierung prüfen
|c 20200919
|f DE-640
|z 3
|2 pdager
|
| 655 |
|
7 |
|a Konferenzschrift
|y 2002
|z Ljubljana
|0 (DE-588)1071861417
|0 (DE-627)826484824
|0 (DE-576)433375485
|2 gnd-content
|
| 689 |
0 |
0 |
|d g
|0 (DE-588)4075739-0
|0 (DE-627)104174803
|0 (DE-576)209199261
|a Osteuropa
|2 gnd
|
| 689 |
0 |
1 |
|d s
|0 (DE-588)4046595-0
|0 (DE-627)106197525
|0 (DE-576)209070196
|a Polizei
|2 gnd
|
| 689 |
0 |
|
|5 (DE-627)
|
| 689 |
1 |
0 |
|d s
|0 (DE-588)4046595-0
|0 (DE-627)106197525
|0 (DE-576)209070196
|a Polizei
|2 gnd
|
| 689 |
1 |
1 |
|d s
|0 (DE-588)4120509-1
|0 (DE-627)104262591
|0 (DE-576)209535695
|a Internationaler Vergleich
|2 gnd
|
| 689 |
1 |
|
|5 (DE-627)
|
| 700 |
1 |
|
|a Pagon, Milan
|e Herausgebendes Organ
|0 (DE-588)1386036862
|0 (DE-627)1947874578
|4 isb
|
| 710 |
2 |
|
|a The Scarman Centre
|e Herausgebendes Organ
|0 (DE-588)1386038989
|0 (DE-627)1947877933
|4 isb
|
| 710 |
2 |
|
|a Visoka Policijsko-Varnostna Šola
|g Ljubljana
|e Herausgebendes Organ
|0 (DE-588)10047987-X
|0 (DE-627)358047781
|0 (DE-576)199327084
|4 isb
|
| 951 |
|
|
|a BO
|
| ELC |
|
|
|b 1
|
| LOK |
|
|
|0 000 xxxxxcx a22 zn 4500
|
| LOK |
|
|
|0 001 3113885051
|
| LOK |
|
|
|0 003 DE-627
|
| LOK |
|
|
|0 004 1605645303
|
| LOK |
|
|
|0 005 20251222140033
|
| LOK |
|
|
|0 008 050125||||||||||||||||ger|||||||
|
| LOK |
|
|
|0 040
|a DE-21-110
|c DE-627
|d DE-21-110
|
| LOK |
|
|
|0 541
|e 03/189
|
| LOK |
|
|
|0 852
|a DE-21-110
|
| LOK |
|
|
|0 852 1
|c P I 757-3
|m p
|9 00
|
| LOK |
|
|
|0 935
|a k110
|
| LOK |
|
|
|0 936ln
|a 2.4
|
| LOK |
|
|
|0 938
|k p
|
| LOK |
|
|
|0 939
|a 25-01-05
|b l01
|
| ORI |
|
|
|a SA-MARC-krimdoka001.raw
|
| SIG |
|
|
|a IFK: P I 757-3
|
| SPR |
|
|
|a 1
|t KRI
|
| TIM |
|
|
|a 100020020101_100020021231
|b 2002 - 2002
|